000
00323nam a22001457a 4500
003
OSt
005
20160727222355.0
008
160622b xxu||||| |||| 00| 0 eng d
040
_c
Penguin
100
_9
516
_a
J, D, D'CON
245
_a
Phonetics
260
_a
NEW YORK
_b
Penguin
_c
1973
300
_a
Phonetics
942
_2
ddc
_c
BK
999
_c
433
_d
433